000 00441nmm a2200145Ia 4500
008 251105s9999||||xx |||||||||||||||||und||
041 _aspa
100 _aMartínez Hernández, Pedro
245 0 _aLlega el ratoncito Pérez
264 _a[Madrid, España] :
_bEditorial Club Universitario: ECU,
_c2018
300 _a38 páginas
650 _aAges 6-8 Years Old
856 _uhttps://public.digitaliapublishing.com/a/171475
942 _cCF
999 _c106567
_d106567